Gabriela Mistral, Premio Nobel de Literatura: crónica de un cuento de hadas real

Salvato in:
Dettagli Bibliografici
Autore principale: Calderón Ruiz de Gamboa, Carlos (Autore)
Natura: Libro
Lingua:spagnolo
Pubblicazione: Santiago La Noria 1993
Edizione:1a. ed
Soggetti:
Tags: Aggiungi Tag
Nessun Tag, puoi essere il primo ad aggiungerne!!

MARC

LEADER 00000cam a2200000 a 4500
001 UCF7691
003 CL-VaPUC
008 130704e19930500CL |||||||||||||||||spa|d
082 0 4 |a 928.83  |b CAL  |2 21 
100 0 |a Calderón Ruiz de Gamboa, Carlos  |e author  |9 569798 
245 1 0 |a Gabriela Mistral, Premio Nobel de Literatura: crónica de un cuento de hadas real 
250 |a 1a. ed 
300 |a 59 p 
942 |c BK 
945 |d 20130704 00:00:00  |a dcastane 
260 |a Santiago  |b La Noria  |c 1993 
600 0 |a Mistral, Gabriela,  |d 1889-1957  |e autora  |q Godoy Alcayaga, Lucila  |9 866296 
650 0 |a Biografías  |9 255210 
650 0 |a Escritores chilenos   |9 420370 
650 7 |a PREMIO NOBEL DE LITERATURA 1945  |2 CL-VaPUC  |9 506496 
583 |a last modification  |c 20130704 11:43:00  |k Rodrigo Vera 
999 |c 352489  |d 352487 
952 |0 0  |1 0  |2 ddc  |4 0  |6 928_830000000000000_CAL_1993  |7 0  |8 A  |9 457039  |a BIBEDU  |b BIBEDU  |d 2019-11-22  |i 498479K  |o 928.83 CAL 1993  |p 498479K  |r 2023-01-11  |w 2019-11-22  |x Traspaso desde Btca.Arte 14-4-2025  |y BK  |k LIT